Rehab - Amy Winehouse (All Lyrics) - Statistics

General Stats
  • This quiz has been taken 2,268 times
    622 since last reset
  • The average score is 238 of 315
Answer Stats
Lyrics % Correct
I
100%
"I
100%
I'd
100%
to
100%
go
99%
go,
99%
go.
99%
rehab,
99%
rehab.
99%
me
98%
me,
98%
no,
98%
no.
98%
no
98%
the
98%
The
98%
said
97%
said:
97%
They
97%
make
95%
a
94%
but
94%
But
94%
I'm
85%
tried
85%
And
84%
and
84%
be
83%
my
83%
you
82%
daddy
80%
fine.
80%
think
79%
won't
79%
back,
78%
I've
77%
when
76%
Yes,
76%
been
75%
time.
74%
come
73%
if
72%
thinks
72%
got
71%
know,
69%
know.
69%
know
69%
black,
68%
do
68%
He
68%
He's
68%
ain't
66%
at
62%
home
61%
in
61%
rather
61%
oh,
60%
with
60%
not
59%
can
58%
you'll
58%
don't
57%
it
54%
So
54%
baby.
52%
baby,
52%
you're
52%
can't
50%
gonna,
50%
gonna
50%
just
49%
just,
49%
there's
49%
nothing,
46%
nothing
46%
days.
45%
that
45%
lose
44%
"Why
44%
from
42%
man
42%
seventy
42%
teach
42%
want
42%
Mr.
40%
depressed.
39%
have
39%
here?"
39%
learn
39%
idea.
38%
need
38%
Ray.
38%
glass.
37%
yeah,
37%
always
36%
get
36%
bottle
35%
it's
35%
It's
35%
shot
35%
friend.
34%
Hathaway.
34%
keep
34%
'Cause
33%
drink
33%
didn't
32%
ever
32%
on
32%
again.
29%
near."
29%
rest.
28%
class.
27%
lot
25%
pride.
24%
tears
23%
This
23%
dried.
21%
spend
21%
ten
21%
everyone
19%
these
19%
weeks,
19%
mend.
15%
till
15%
No matching quizzes found
Score Distribution
Percent of People with Each Score
Percentile by Number Answered
Your Score History
You have not taken this quiz since the last reset